00551pab a2200169 454500008004000000100002200040245008900062260000900151300001600160362001100176650001800187650001000205773003400215909001000249999001700259952010500276180718b2005 xxu||||| |||| 00| 0 eng d aDasgupta, Rajaram aMicrofinance in India: empirical evidence, alternative models and policy imperatives c2005 ap.1229-237. a19 Mar aBanks - India aBanks aEconomic and Political Weekly a64550 c64550d64550 00104070aIIPAbIIPAd2018-07-19hVolume no: 40, Issue no: 12pAR65002r2018-07-19w2018-07-19yAR